000 00346 a2200157 4500
001 156955
020 _a9788563066695
040 _cEscola São Tomás de Aquino
100 _aEVANS, Richard Paul
240 1 0 _aA promessa
_lpor
245 1 0 _aA promessa
300 _a283 p.
362 0 _a2011
697 _aLiteratura americana
942 _cBK
999 _c156955
_d156955